Quiz o dyktatorach - Statystyki

Ogólne statystyki
  • Ten quiz został rozwiązany 22 razy
  • Średni wynik to 15 z 20
Statystyki odpowiedzi
Hint Odpowiedź % Poprawnych
Mao Zedong Chiny/ChRL/ chińska republika ludowa
100%
Napoleon Bonaparte Francja
100%
Kim Ir Sen Korea północna
100%
Adolf Hitler Niemcy/III Rzesza
100%
Benito Mussolini Włochy
100%
Józef Stalin Związek Radziecki/ZSRR
100%
Aleksander Łukaszenka Białoruś
95%
Francisco Franco Hiszpania
90%
Fidelo Castro Kuba
90%
Saddam Husajn Irak
86%
Ion Antonescu Rumunia
76%
Miklós Horthy Węgry
76%
Pol Pot Kambodża
71%
Ho Chi Minh Wietnam/Wietnam północny
71%
Mohammad Reza Pahlawi Iran/Persja
57%
Manuel Noriega Panama
48%
Idi Amin Uganda
43%
Nicolás Maduro Wenezuela
43%
Serdar Berdimuhamedow Turkmenistan
38%
Maurice Bishop Grenada
10%
Nie znaleziono quizów pasujących do podanych kryteriów
Rozkład punktacji
Procent ludzi z każdym wynikiem
Percentyl według liczby udzielonych odpowiedzi
Twoja historia wyników
Nie rozwiązałeś tego quizu